000 00841nam a22002897a 4500
001 000386
003 DO-SdBNP
005 20180117143341.0
007 000386
008 160713b 1994 sp ||||| |||| 00| 0 spa d
020 _a8427931166
040 _aBPMSU
_bspa
_cBPMSU
092 _axxxxx
_bxxxx
100 1 _aHaar, Jaap Ter,
_d1922-
240 1 0 _aBoris.
_lEspañol
245 1 0 _aBoris /
_cJaap Ter Haar ; traducción Adriana Matons de Malagrida
250 _a8ª ed.
260 _aBarcelona :
_bNoguer,
_c1994.
300 _a134 p. :
_bil. ;
_c20 cm.
490 1 _aCuatro Vientos
_v15
500 _aLista de Honor del premio IBBY 1978.
700 1 2 _aMatons de Malagrida, Adriana,
_etr.
830 0 _aCuatro Vientos ;
_v15
942 _2ddc
_cBK
945 _aInventariado, 2018 LP
956 _620160713
_aLOPEREZ
_b10
_cBPMSU
999 _c10866
_d10866